000 00237nam a2200109Ia 4500
008 240625s9999 xx 000 0 und d
041 _aeng
082 _a346.07 TAX
100 _aTAXMANN
245 _aE COMPANY LAW MANUAL
260 _c2007
999 _c33598
_d33598